000
00529nam a2200181Ia 4500
008
090123s9999 xx 000 0 und d
082
_b
1202
100
_a
कुसुमाग्रज
245
_a
काव्यवाहिनी
250
_a
2
260
_b
कुलकर्णी अ.अ.
300
_a
147
600
_a
कुसुमाग्रज
630
_a
काव्यवाहिनी
700
_a
कुसुमाग्रज
730
_a
काव्यवाहिनी
942
_c
BOOK
999
_c
39286
_d
39286